000 00626nam a2200181Ia 4500
003 GCL
008 140319s9999 xx 000 0 ara d
040 _aGCL /
_cGCL
082 0 4 _a810.8003
_bع م
100 1 _aمسكوية : احمد بن محمد بن يعقوب
245 1 0 _aالعيون والحدائق فى اخبار الحقائق ويلية تجارب الامم لمسكوية /
_cمسكوية : احمد بن محمد بن يعقوب
260 _a[S.N] :
_bمكتبة المثنى
300 _a616 ص
490 _a
650 0 4 _aالادب العربى
650 0 4 _aالمجموعات
942 _2ddc
_cBK
999 _c54604
_d54604